000 02535cam a2200133 4500500
005 20260222000115.0
041 _afre
042 _adc
100 1 0 _aFontbonne, Alexis
_eauthor
245 0 0 _aLes fondements charismatiques de la bureaucratie : Socio-histoire de la référence à l'Esprit dans l'ecclésiologie médiévale (XIe-XIVe siècles)
260 _bÉditions du Cerf,
_c2024.
520 _aDans l’Église du Moyen Âge central, l’inspiration charismatique n’est pas antinomique de la bureaucratisation : elle en est la condition nécessaire. Après un volume consacré à la question spécifique de la caritas, c’est ce que montre cette étude des mobilisations ecclésiologiques de la référence à l’Esprit. Loin d’oublier l’Esprit dans la routine d’une bureaucratie sans âme, les agents de l’institution de l’appareil ecclésial sont les premiers à y faire référence pour opérer, à partir du milieu du xie siècle, une centralisation pontificale des différentes tendances réformatrices. La monopolisation pontificale de la référence légitime à l’Esprit permet à la fois d’affirmer l’autonomie – la théonomie – de l’appareil ecclésial et d’en suspendre les règles ordinaires. L’appropriation de ce discours ecclésiologique par les chroniqueurs et réformateurs du xiie siècle va conduire à une nouvelle perception de l’histoire, fondée sur l’idée d’un progrès inspiré et mené par des hommes spirituels. Moines charismatiques et administrateurs peuvent ainsi s’associer autour du fragile malentendu d’une institution spirituelle. Lorsque celui-ci se délite, les discours prophétiques en font l’aune à laquelle juger le présent ou un projet d’avenir. Au cours des xiiie et xive siècles, ce modèle d’une bureaucratie charismatique se dissocie en conceptions antagonistes de la référence à l’Esprit : un usage intégré dans les rouages de l’administration, qui n’apparaît explicitement que dans les périodes de crise, et une référence de plus en plus eschatologique visant à condamner tous ceux qui persécutent les « spirituels ». Agrégé et docteur en histoire, Alexis Fontbonne est actuellement titulaire d’une bourse post-doctorale Marie Curie (MSCA) à l’université de Namur. Ses recherches portent sur l’économie symbolique ecclésiale durant le Moyen Âge central.
856 4 1 _uhttps://shs.cairn.info/les-fondements-charismatiques-de-la-bureaucratie--9782204166553?lang=fr&redirect-ssocas=7080
999 _c1662495
_d1662495